<?xml version="1.0" encoding="UTF-8"?>
<record
    xmlns:xsi="http://www.w3.org/2001/XMLSchema-instance"
    xsi:schemaLocation="http://www.loc.gov/MARC21/slim http://www.loc.gov/standards/marcxml/schema/MARC21slim.xsd"
    xmlns="http://www.loc.gov/MARC21/slim">

  <leader>00691nam a2200193 a 4500</leader>
  <controlfield tag="003">0</controlfield>
  <controlfield tag="005">20250411103924.0</controlfield>
  <controlfield tag="008">060801s19uu    xx            00    eng d</controlfield>
  <datafield tag="050" ind1=" " ind2=" ">
    <subfield code="a">PHS HQ 799.2.C66</subfield>
    <subfield code="b">.S26 2006</subfield>
  </datafield>
  <datafield tag="100" ind1=" " ind2=" ">
    <subfield code="a">San Juan, Mishell Nica Z.</subfield>
  </datafield>
  <datafield tag="245" ind1=" " ind2=" ">
    <subfield code="a">The Effects of teen consumerism towards self-esteem /</subfield>
    <subfield code="c">Mishell Nica Z. San Juan.</subfield>
  </datafield>
  <datafield tag="260" ind1=" " ind2=" ">
    <subfield code="a">Las Pi&#xF1;as City, Philippines :</subfield>
    <subfield code="b">Southville International School and Colleges,</subfield>
    <subfield code="c">2006.</subfield>
  </datafield>
  <datafield tag="300" ind1=" " ind2=" ">
    <subfield code="a">31 pages ;</subfield>
    <subfield code="c">28 cm.</subfield>
  </datafield>
  <datafield tag="504" ind1=" " ind2=" ">
    <subfield code="a">Includes bibliographical references.</subfield>
  </datafield>
  <datafield tag="650" ind1=" " ind2=" ">
    <subfield code="a">Teenagers</subfield>
    <subfield code="v">Consumer behavior.</subfield>
  </datafield>
  <datafield tag="650" ind1=" " ind2=" ">
    <subfield code="a">Self-esteem in adolescence.</subfield>
  </datafield>
  <datafield tag="650" ind1=" " ind2=" ">
    <subfield code="a">Consumerism</subfield>
    <subfield code="v">Psychological aspects.</subfield>
  </datafield>
  <datafield tag="942" ind1=" " ind2=" ">
    <subfield code="2">lcc</subfield>
    <subfield code="c">PASS</subfield>
  </datafield>
  <datafield tag="999" ind1=" " ind2=" ">
    <subfield code="c">97661</subfield>
    <subfield code="d">97661</subfield>
  </datafield>
  <datafield tag="952" ind1=" " ind2=" ">
    <subfield code="0">0</subfield>
    <subfield code="1">0</subfield>
    <subfield code="2">lcc</subfield>
    <subfield code="4">0</subfield>
    <subfield code="a">LUX</subfield>
    <subfield code="b">LUX</subfield>
    <subfield code="c">PASS</subfield>
    <subfield code="d">2006-07-24</subfield>
    <subfield code="e">DONATION</subfield>
    <subfield code="l">0</subfield>
    <subfield code="o">PHS HQ 799.2.C66 .S26 2006</subfield>
    <subfield code="p">P1706</subfield>
    <subfield code="r">2014-04-08 00:00:00</subfield>
    <subfield code="w">2014-04-08</subfield>
    <subfield code="y">PASS</subfield>
  </datafield>
</record>
